Normal view
MARC view
Entry Personal Name
001 - CONTROL NUMBER
- control field: 78927
003 - CONTROL NUMBER IDENTIFIER
- control field: dpl
005 - DATE AND TIME OF LATEST TRANSACTION
- control field: 20250228171527.0
008 - FIXED-LENGTH DATA ELEMENTS
- fixed length control field: 250228|| aca||aabn | a|a d
040 ## - CATALOGING SOURCE
- Original cataloging agency: dpl
- Transcribing agency: dpl
100 ## - HEADING--PERSONAL NAME
- Personal name: पाण्डेय, विश्वनाथ
670 ## - SOURCE DATA FOUND
- Source citation: Work cat.: (dpl)209852: पाण्डेय, विश्वनाथ, स्वतंत्रता की कहानी /, 2024
